Normal view
MARC view
- Dr. Isharat Jabeen.
Entry Personal Name
001 - CONTROL NUMBER
- control field: 28702
003 - CONTROL NUMBER IDENTIFIER
- control field: NUST
005 - DATE AND TIME OF LATEST TRANSACTION
- control field: 20200229162821.0
008 - FIXED-LENGTH DATA ELEMENTS
- fixed length control field: 200229|| aca||aabn | a|a d
040 ## - CATALOGING SOURCE
- Original cataloging agency: NUST
- Transcribing agency: NUST
100 ## - HEADING--PERSONAL NAME
- Personal name: Dr. Isharat Jabeen.
670 ## - SOURCE DATA FOUND
- Source citation: Work cat.: (NUST): Azhar, Bara 28700, Selectivity Profiling of HIV Protease Inhibitors against Glut-4 /, 2015.
